000 00685nam a2200217 i 4500
001 92161
003 ES-MaACL
005 20230906180918.0
007 t|
008 050222s1976 sp ||||1| spa d
100 1 _aLiberman, Robert Paul.
_972166
245 1 0 _aIniciación al análisis y terapéutica de la conducta /
_cRobert Paul Liberman; [traducido por María José del Río].
250 _a[2ª ed.].
260 _aBarcelona :
_b[Fontanella,
_c1976]
300 _aXXI, 343 p. :
_bil ;
_c24 cm.
490 1 _aConducta humana
700 1 _aRío, María José del.
_997311
830 0 _aConducta humana
_9181363
852 _aES-MaACL
_jA-5620
_bR.94581
999 _c92161
_d92161